00296nam a2200109Ia 4500008004100000100002600041245004700067250001200114260004400126300000800170650000800178191201s2009 xx 000 0 und d aPANDIAN, Punithavathy 0aSecurity Analysis and Portfolio Management a3rd Rep c2009bVikas Publication HouseaN. Delhi a464 aMBA